<?xml version="1.0" encoding="UTF-8"?>
<record
    xmlns:xsi="http://www.w3.org/2001/XMLSchema-instance"
    xsi:schemaLocation="http://www.loc.gov/MARC21/slim http://www.loc.gov/standards/marcxml/schema/MARC21slim.xsd"
    xmlns="http://www.loc.gov/MARC21/slim">

  <leader>00511nam a22001577a 4500</leader>
  <controlfield tag="003">OSt</controlfield>
  <controlfield tag="005">20151120103558.0</controlfield>
  <controlfield tag="008">151120b        xxu||||| |||| 00| 0 eng d</controlfield>
  <datafield tag="040" ind1=" " ind2=" ">
    <subfield code="c">RUA</subfield>
  </datafield>
  <datafield tag="082" ind1=" " ind2=" ">
    <subfield code="a">FIS &#x1796;&#x17D2;&#x179A;&#x17C6; 1995 B157 Or.1</subfield>
  </datafield>
  <datafield tag="100" ind1=" " ind2=" ">
    <subfield code="9">3952</subfield>
    <subfield code="a">&#x1796;&#x17D2;&#x179A;&#x17C6; &#x1795;&#x179B;&#x17D2;&#x179B;&#x17B8;</subfield>
  </datafield>
  <datafield tag="245" ind1=" " ind2=" ">
    <subfield code="a"> shrimp culture in koh kong district (&#x1780;&#x17B6;&#x179A;&#x1785;&#x17B7;&#x1789;&#x17D2;&#x1785;&#x17B9;&#x1798;&#x1794;&#x1784;&#x17D2;&#x1782;&#x17B6; &#x1793;&#x17C5;&#x179F;&#x17D2;&#x179A;&#x17BB;&#x17BB;&#x1780;&#x1780;&#x17C4;&#x17C7;&#x1780;&#x17BB;&#x1784;)</subfield>
  </datafield>
  <datafield tag="260" ind1=" " ind2=" ">
    <subfield code="a">Phnom Penh</subfield>
    <subfield code="b">RUA</subfield>
    <subfield code="c">1995</subfield>
  </datafield>
  <datafield tag="300" ind1=" " ind2=" ">
    <subfield code="a">89p.</subfield>
    <subfield code="b">ill.</subfield>
    <subfield code="c">29cm.</subfield>
  </datafield>
  <datafield tag="942" ind1=" " ind2=" ">
    <subfield code="2">ddc</subfield>
    <subfield code="c">FIS</subfield>
  </datafield>
  <datafield tag="999" ind1=" " ind2=" ">
    <subfield code="c">3673</subfield>
    <subfield code="d">3673</subfield>
  </datafield>
  <datafield tag="952" ind1=" " ind2=" ">
    <subfield code="0">0</subfield>
    <subfield code="1">0</subfield>
    <subfield code="2">ddc</subfield>
    <subfield code="4">0</subfield>
    <subfield code="6">FIS_&#x1796;&#x179A;&#x17C6;_1995_000000000000000_B157_OR_1</subfield>
    <subfield code="7">0</subfield>
    <subfield code="9">18150</subfield>
    <subfield code="a">LBB</subfield>
    <subfield code="b">LBB</subfield>
    <subfield code="c">B157</subfield>
    <subfield code="d">2015-11-20</subfield>
    <subfield code="o">FIS &#x1796;&#x17D2;&#x179A;&#x17C6; 1995 B157 Or.1</subfield>
    <subfield code="p">RUA011312</subfield>
    <subfield code="r">2015-11-20</subfield>
    <subfield code="w">2015-11-20</subfield>
    <subfield code="y">FIS</subfield>
  </datafield>
  <datafield tag="952" ind1=" " ind2=" ">
    <subfield code="0">0</subfield>
    <subfield code="1">0</subfield>
    <subfield code="2">ddc</subfield>
    <subfield code="4">0</subfield>
    <subfield code="6">FIS_&#x1796;&#x179A;&#x17C6;_1995_000000000000000_B157_OR_2</subfield>
    <subfield code="7">0</subfield>
    <subfield code="9">18151</subfield>
    <subfield code="a">LBB</subfield>
    <subfield code="b">LBB</subfield>
    <subfield code="c">B157</subfield>
    <subfield code="d">2015-11-20</subfield>
    <subfield code="o">FIS &#x1796;&#x17D2;&#x179A;&#x17C6; 1995 B157 Or.2</subfield>
    <subfield code="p">RUA025653</subfield>
    <subfield code="r">2015-11-20</subfield>
    <subfield code="w">2015-11-20</subfield>
    <subfield code="y">FIS</subfield>
  </datafield>
  <datafield tag="952" ind1=" " ind2=" ">
    <subfield code="0">0</subfield>
    <subfield code="1">0</subfield>
    <subfield code="2">ddc</subfield>
    <subfield code="4">0</subfield>
    <subfield code="6">FIS_&#x1796;&#x179A;&#x17C6;_1995_000000000000000_B157_OR_3</subfield>
    <subfield code="7">0</subfield>
    <subfield code="9">18152</subfield>
    <subfield code="a">LBB</subfield>
    <subfield code="b">LBB</subfield>
    <subfield code="c">B157</subfield>
    <subfield code="d">2015-11-20</subfield>
    <subfield code="o">FIS &#x1796;&#x17D2;&#x179A;&#x17C6; 1995 B157 Or.3</subfield>
    <subfield code="p">RUA011970</subfield>
    <subfield code="r">2015-11-20</subfield>
    <subfield code="w">2015-11-20</subfield>
    <subfield code="y">FIS</subfield>
  </datafield>
  <datafield tag="952" ind1=" " ind2=" ">
    <subfield code="0">0</subfield>
    <subfield code="1">0</subfield>
    <subfield code="2">ddc</subfield>
    <subfield code="4">0</subfield>
    <subfield code="6">FIS_&#x1796;&#x179A;&#x17C6;_1995_000000000000000_B157_OR_4</subfield>
    <subfield code="7">0</subfield>
    <subfield code="9">18153</subfield>
    <subfield code="a">LBB</subfield>
    <subfield code="b">LBB</subfield>
    <subfield code="c">B157</subfield>
    <subfield code="d">2015-11-20</subfield>
    <subfield code="o">FIS &#x1796;&#x17D2;&#x179A;&#x17C6; 1995 B157 Or.4</subfield>
    <subfield code="p">RUA011683</subfield>
    <subfield code="r">2015-11-20</subfield>
    <subfield code="w">2015-11-20</subfield>
    <subfield code="y">FIS</subfield>
  </datafield>
  <datafield tag="952" ind1=" " ind2=" ">
    <subfield code="0">0</subfield>
    <subfield code="1">0</subfield>
    <subfield code="2">ddc</subfield>
    <subfield code="4">0</subfield>
    <subfield code="6">FIS_&#x1796;&#x179A;&#x17C6;_1995_000000000000000_B157_OR_5</subfield>
    <subfield code="7">0</subfield>
    <subfield code="9">18154</subfield>
    <subfield code="a">LBB</subfield>
    <subfield code="b">LBB</subfield>
    <subfield code="c">B157</subfield>
    <subfield code="d">2015-11-20</subfield>
    <subfield code="o">FIS &#x1796;&#x17D2;&#x179A;&#x17C6; 1995 B157 Or.5</subfield>
    <subfield code="p">RUA011384</subfield>
    <subfield code="r">2015-11-20</subfield>
    <subfield code="w">2015-11-20</subfield>
    <subfield code="y">FIS</subfield>
  </datafield>
  <datafield tag="952" ind1=" " ind2=" ">
    <subfield code="0">0</subfield>
    <subfield code="1">0</subfield>
    <subfield code="2">ddc</subfield>
    <subfield code="4">0</subfield>
    <subfield code="6">FIS_&#x1796;&#x179A;&#x17C6;_1995_000000000000000_B157_OR_6</subfield>
    <subfield code="7">0</subfield>
    <subfield code="9">18155</subfield>
    <subfield code="a">LBB</subfield>
    <subfield code="b">LBB</subfield>
    <subfield code="c">B157</subfield>
    <subfield code="d">2015-11-20</subfield>
    <subfield code="o">FIS &#x1796;&#x17D2;&#x179A;&#x17C6; 1995 B157 Or.6</subfield>
    <subfield code="p">RUA011617</subfield>
    <subfield code="r">2015-11-20</subfield>
    <subfield code="w">2015-11-20</subfield>
    <subfield code="y">FIS</subfield>
  </datafield>
  <datafield tag="952" ind1=" " ind2=" ">
    <subfield code="0">0</subfield>
    <subfield code="1">0</subfield>
    <subfield code="2">ddc</subfield>
    <subfield code="4">0</subfield>
    <subfield code="6">FIS_&#x1796;&#x179A;&#x17C6;_1995_000000000000000_B157_OR_7</subfield>
    <subfield code="7">0</subfield>
    <subfield code="9">18156</subfield>
    <subfield code="a">LBB</subfield>
    <subfield code="b">LBB</subfield>
    <subfield code="c">B157</subfield>
    <subfield code="d">2015-11-20</subfield>
    <subfield code="o">FIS &#x1796;&#x17D2;&#x179A;&#x17C6; 1995 B157 Or.7</subfield>
    <subfield code="p">RUA011167</subfield>
    <subfield code="r">2015-11-20</subfield>
    <subfield code="w">2015-11-20</subfield>
    <subfield code="y">FIS</subfield>
  </datafield>
  <datafield tag="952" ind1=" " ind2=" ">
    <subfield code="0">0</subfield>
    <subfield code="1">0</subfield>
    <subfield code="2">ddc</subfield>
    <subfield code="4">0</subfield>
    <subfield code="6">FIS_&#x1796;&#x179A;&#x17C6;_1995_000000000000000_B157_OR_8</subfield>
    <subfield code="7">0</subfield>
    <subfield code="9">18157</subfield>
    <subfield code="a">LBB</subfield>
    <subfield code="b">LBB</subfield>
    <subfield code="c">B157</subfield>
    <subfield code="d">2015-11-20</subfield>
    <subfield code="o">FIS &#x1796;&#x17D2;&#x179A;&#x17C6; 1995 B157 Or.8</subfield>
    <subfield code="p">RUA025595</subfield>
    <subfield code="r">2015-11-20</subfield>
    <subfield code="w">2015-11-20</subfield>
    <subfield code="y">FIS</subfield>
  </datafield>
</record>
